The old curiosity shop. (Record no. 131396)
[ view plain ]
| 000 -LEADER | |
|---|---|
| fixed length control field | 00966cam a22003013 4500 |
| 001 - CONTROL NUMBER | |
| control field | 12958221 |
| 003 - CONTROL NUMBER IDENTIFIER | |
| control field | ARRUPE |
| 005 - DATE AND TIME OF LATEST TRANSACTION | |
| control field | 20220511081011.0 |
| 008 - FIXED-LENGTH DATA ELEMENTS--GENERAL INFORMATION | |
| fixed length control field | 021004s1933 enka 000 1 eng |
| 010 ## - LIBRARY OF CONGRESS CONTROL NUMBER | |
| LC control number | tmp96004136 |
| 040 ## - CATALOGING SOURCE | |
| Original cataloging agency | DLC |
| Transcribing agency | DLC |
| 050 00 - LIBRARY OF CONGRESS CALL NUMBER | |
| Classification number | PZ3.D55 |
| Item number | O47 |
| Classification number | PR4566 |
| 300 ## - PHYSICAL DESCRIPTION | |
| Dimensions | 17 cm. |
| 100 1# - MAIN ENTRY--PERSONAL NAME | |
| Personal name | Dickens, Charles, |
| Dates associated with a name | 1812-1870. |
| 9 (RLIN) | 26544 |
| 245 14 - TITLE STATEMENT | |
| Title | The old curiosity shop. |
| Statement of responsibility, etc | Charles Dickens |
| 260 ## - PUBLICATION, DISTRIBUTION, ETC. (IMPRINT) | |
| Place of publication, distribution, etc | London, |
| -- | New York |
| Date of publication, distribution, etc | [1933] |
| Name of publisher, distributor, etc | Everyman's library |
| 300 ## - PHYSICAL DESCRIPTION | |
| Extent | xlii, 569p. ; |
| 650 #0 - SUBJECT ADDED ENTRY--TOPICAL TERM | |
| Topical term or geographic name as entry element | Grandparent and child |
| Form subdivision | Fiction. |
| 9 (RLIN) | 37304 |
| 650 #0 - SUBJECT ADDED ENTRY--TOPICAL TERM | |
| Topical term or geographic name as entry element | Antique dealers |
| Form subdivision | Fiction. |
| 9 (RLIN) | 51518 |
| 650 #0 - SUBJECT ADDED ENTRY--TOPICAL TERM | |
| Topical term or geographic name as entry element | Grandfathers |
| Form subdivision | Fiction. |
| 9 (RLIN) | 37307 |
| 650 #0 - SUBJECT ADDED ENTRY--TOPICAL TERM | |
| Topical term or geographic name as entry element | Gamblers |
| Form subdivision | Fiction. |
| 9 (RLIN) | 51519 |
| 650 #0 - SUBJECT ADDED ENTRY--TOPICAL TERM | |
| Topical term or geographic name as entry element | Girls |
| Form subdivision | Fiction. |
| 9 (RLIN) | 51520 |
| 651 #0 - SUBJECT ADDED ENTRY--GEOGRAPHIC NAME | |
| Geographic name | England |
| Form subdivision | Fiction. |
| 9 (RLIN) | 3203 |
| 655 #7 - INDEX TERM--GENRE/FORM | |
| Genre/form data or focus term | Didactic fiction. |
| Source of term | gsafd |
| 9 (RLIN) | 50485 |
| 655 #7 - INDEX TERM--GENRE/FORM | |
| Genre/form data or focus term | Domestic fiction. |
| Source of term | lcsh |
| 906 ## - LOCAL DATA ELEMENT F, LDF (RLIN) | |
| a | 0 |
| b | cbc |
| c | premver |
| d | u |
| e | ncip |
| f | 19 |
| g | y-gencatlg |
| 942 ## - ADDED ENTRY ELEMENTS (KOHA) | |
| Source of classification or shelving scheme | Library of Congress Classification |
| Koha item type | Monograph ( Printed materials) |
| Withdrawn status | Lost status | Source of classification or shelving scheme | Damaged status | Not for loan | Collection code | Home library | Current library | Shelving location | Date acquired | Total Checkouts | Full call number | Barcode | Date last seen | Price effective from | Koha item type |
|---|---|---|---|---|---|---|---|---|---|---|---|---|---|---|---|
| Library of Congress Classification | Main Collection | ARRUPE LIBRARY | ARRUPE LIBRARY | Main Collection | 11/05/2022 | PZ3.D55 O47 PR4566 | 46600008464 | 11/05/2022 | 11/05/2022 | Monograph ( Printed materials) |